Electric Type Pokemon Abilities - Statistics

General Stats
  • This quiz has been taken 49 times
    39 since last reset
  • The average score is 47 of 66
Answer Stats
Gen Ability % Correct
4 Levitate
100%
3 Lightning Rod
100%
3 Volt Absorb
100%
7 Battery
94%
4 Motor Drive
94%
3 Static
94%
7 Electric Surge
88%
7 Iron Barbs
88%
3 Magnet Pull
88%
3 Minus
88%
3 Plus
88%
9 Quark Drive
88%
7 Surge Surfer
88%
7 Beast Boost
82%
9 Electromorphosis
82%
9 Protosynthesis
82%
8 Punk Rock
82%
5 Teravolt
82%
8 Ball Fetch
76%
6 Cheek Pouch
76%
5 Compoundeyes
76%
7 Dancer
76%
7 Galvanize
76%
9 Hadron Engine
76%
4 Intimidate
76%
5 Limber
76%
3 Pressure
76%
4 Rivalry
76%
3 Sturdy
76%
8 Transistor
76%
5 Water Absorb
76%
6 Mold Breaker
71%
4 Multitype
71%
5 Prankster
71%
5 Quick Feet
71%
7 RKS System
71%
3 Soundproof
71%
5 Swarm
71%
9 Wind Power
71%
6 Dry Skin
65%
4 Run Away
65%
5 Vital Spirit
65%
5 Analytic
59%
8 Competitive
59%
9 Damp
59%
8 Hunger Switch
59%
9 Iron Fist
59%
8 Klutz
59%
4 Pickup
59%
8 Sand Rush
59%
5 Sap Sipper
59%
8 Slush Rush
59%
8 Strong Jaw
59%
8 Technician
59%
5 Unnerve
59%
5 Aftermath
53%
5 Defiant
53%
9 Natural Cure
53%
9 Own Tempo
53%
5 Sand Veil
53%
6 Solar Power
53%
7 Telepathy
53%
5 Guts
47%
3 Illuminate
47%
8 Rattled
47%
8 Hustle
41%
No matching quizzes found
Score Distribution
Percent of People with Each Score
Percentile by Number Answered
Your Score History
You have not taken this quiz since the last reset